000 01213nam a22003257a 4500
003 CHAP
005 20220329135953.0
008 971013s1983 r 00010 d
010 _a44922
011 _a45894
035 _a50034
040 _cCHAP
090 _aTesis
100 0 0 _aUrrea Luna, Arturo.
_9116989
245 _aEvaluación de tres programas de desparasitación contra nemátodos gastroentéricos del Centro de Investigación, Enseñanza y Extensión en Ganadería Tropical de Martínez de la Torre, Ver.
260 _aMéxico, D.F. :
_bEl autor,
_c1983
300 _a27 h.
502 _aTesis (Médico Veterinario Zootecnista) -- UNAM. Facultad de Medicina Veterinaria Zootecnia
590 _aALEPH
_b10
_c20130110
_lUCH01
_h1314
590 _aBATCH-UPD
_b10
_c20130110
_lUCH01
_h0310
590 _aBATCH-UPD
_b10
_c20130110
_lUCH01
_h2059
590 _aBATCH-UPD
_b10
_c20130410
_lUCH01
_h1412
590 _aBATCH-UPD
_b10
_c20130914
_lUCH01
_h1529
590 _aCONVERSION
_b10
_c20130109
_lUCH01
_h1325
650 1 4 _aGanado vacuno
_xParásitos.
_945500
650 1 4 _aNemátodos parásitos de bovinos.
_980829
901 _aBK
942 _cTESIS
949 _bBC
_cTES
_d-112635
_eTS1
_h17190
_i50034
_si
999 _c44922
_d44922